000 01017nam a2200265 i 4500
001 bg
245 0 0 _aEncyklopedia technik wytwarzania stosowanych w przemyśle maszynowym :
_bpraca zbiorowa.
_nT.2,
_pObróbka skrawaniem, montaż /
_cpod red. Jerzego Erbla.
250 _aWyd. 7 popr. / pod red. Andrzeja Mustera.
260 _aWarszawa :
_bOficyna Wydawnicza Politechniki Warszawskiej,
_c2001.
300 _a258 s. :
_brys. ;
_c24 cm.
504 _aBibliogr. przy rozdz.
650 9 _aSkrawanie
650 9 _aMontaż
655 _aPodręczniki akademickie
700 1 _aERBEL, Jerzy.
_eRed.
700 1 _aMUSTER, Jerzy.
_eRed.
020 _a8372073023
040 _cBPK
041 0 _apol
080 _a621.9+621.717(075.8)
920 _a83-7207-302-3
942 _cKS
008 s pl f |000 0 pol
999 _c53348
_d53348
856 _uhttp://koha.tu.koszalin.pl/cgi-bin/koha/opac-detail.pl?biblionumber=53348
_yKatalog online BPK